La fabrication des timbres-poste francais (Record no. 2147)

000 -LEADER
fixed length control field 00311nam a22001097a 4500
008 - FIXED-LENGTH DATA ELEMENTS--GENERAL INFORMATION
fixed length control field 161205b xxu||||| |||| 00| 0 eng d
100 ## - MAIN ENTRY--AUTHOR'S NAME
Author's Name Pouget, R.
245 ## - TITLE STATEMENT
Title La fabrication des timbres-poste francais
260 ## - PUBLICATION, DISTRIBUTION, ETC. (IMPRINT)
Place of publication, distribution, etc. Paris, France
Name of publisher, distributor, etc. Imprimerie Nationale
Date of publication, distribution, etc. 1954
500 ## - GENERAL NOTE
Materials specified Photocopy
650 ## - TOPICAL TERM (Tag)
Topical term or geographic name France | Production
Holdings
Withdrawn status Lost status Source of classification or shelving scheme Damaged status Koha normalized classification for sorting Not for loan Permanent Location Current Location Date acquired Total Checkouts Full call number Barcode Date last seen Copy number Price effective from
        G5831 P964 P872   Northern Philatelic Library Northern Philatelic Library 12/05/2016   G5831 P964 P872 1002490 12/05/2016 1 12/05/2016

Powered by Koha